Missing Word: #1 Hits of 1986 Quiz Stats

 Plays Quiz Updated Sep 3, 2014

Support Sporcle.
Go Orange.
Score 0/18 Timer 03:00
3 Plays Today
#1 Hit Song Missing Word % Correct
You Give _____ A Bad NameLove
95.5%
Say You, Say _____Me
94.1%
_____ Don't PreachPapa
91.8%
Take My _____ AwayBreath
90.7%
Walk Like an _____Egyptian
89.7%
_____ ColorsTrue
81.8%
_____ Love of AllGreatest
78.3%
West ____ GirlsEnd
77.8%
When I _____ of YouThink
76.3%
#1 Hit Song Missing Word % Correct
How Will I _____Know
71.2%
The _____ It IsWay
71.2%
Rock Me _____Amadeus
68.1%
_____ to LoveAddicted
60.3%
_____ to TellLive
51.1%
_____ TouchInvisible
48.1%
Holding Back the _____Years
47.5%
The _____ Time I FallNext
46%
_____ DreamsThese
41.1%

Today's Daily Dose

You're not logged in!

Compare scores with friends on all Sporcle quizzes.
OR
Log In

From the Vault

US States: By Borders

by goc3

This is a really, really long way to go about addressing states, though.
Remove Ads.
Support Sporcle.
Get the best of Sporcle when you Go Orange. This ad-free experience offers more features, more stats, and more fun while also helping to support Sporcle. Thank you for becoming a member.

Show Comments

Extras

Top Quizzes Today


Score Distribution

Your Account Isn't Verified!

In order to create a playlist on Sporcle, you need to verify the email address you used during registration. Go to your Sporcle Settings to finish the process.

Report this User

Report this user for behavior that violates our Community Guidelines.

Details: